00739nam a2200277Ia 450000500170000000800460001702000180006303700100008104000080009104000080009904000080010704100080011504100080012308400080013110000270013924500440016624500290021026000230023926000090026236500050027136500100027685600530028694200100033999900210034995200910037020260324141454.0008 260324s9999 xx 000 0 eng d a9781315821795 aEBOOK aCRL beng cCRL 2eng aeng qCRL aBarry Stimmel91208318 0aDrug Abuse and Social Policy in America 4bThe War That Must Be Won bTaylor and Francis c1997 a b99.99 uhttp://www.taylorfrancis.com/books/9781315821795 cEBOOK c1811450d1811450 00104070aCRLbCRLd2026-03-24l0pCL2093610r2026-03-24 14:14:54w2026-03-24yEBOOK